LEADER 01739nam 2200577 450 001 9910479979003321 005 20180731043559.0 010 $a1-4704-0299-8 035 $a(CKB)3360000000464892 035 $a(EBL)3114468 035 $a(SSID)ssj0000973182 035 $a(PQKBManifestationID)11527838 035 $a(PQKBTitleCode)TC0000973182 035 $a(PQKBWorkID)10958882 035 $a(PQKB)10924353 035 $a(MiAaPQ)EBC3114468 035 $a(PPN)195415930 035 $a(EXLCZ)993360000000464892 100 $a20000908h20012001 uy| 0 101 0 $aeng 135 $aur|n|---||||| 181 $ctxt 182 $cc 183 $acr 200 10$aBlack box classical groups /$fWilliam M. Kantor, A?kos Seress 210 1$aProvidence, Rhode Island :$cAmerican Mathematical Society,$d[2001] 210 4$dİ2001 215 $a1 online resource (183 p.) 225 1 $aMemoirs of the American Mathematical Society,$x0065-9266 ;$vnumber 708 300 $aDescription based upon print version of record. 311 $a0-8218-2619-0 320 $aIncludes bibliographical references. 410 0$aMemoirs of the American Mathematical Society ;$vno. 708. 606 $aPermutation groups 606 $aMatrix groups 606 $aAlgorithms 608 $aElectronic books. 615 0$aPermutation groups. 615 0$aMatrix groups. 615 0$aAlgorithms. 676 $a510 s 676 $a512/.2 700 $aKantor$b W. M$g(William M.),$f1944-$042614 702 $aSeress$b A?kos$f1958- 801 0$bMiAaPQ 801 1$bMiAaPQ 801 2$bMiAaPQ 906 $aBOOK 912 $a9910479979003321 996 $aBlack box classical groups$91945783 997 $aUNINA LEADER 01021nam a2200277 i 4500 001 991001528609707536 005 20020503122610.0 008 980914s1997 it ||| | ita 020 $a8820726688 035 $ab1023374x-39ule_inst 035 $aLE01279435$9ExL 040 $aDip.to Lingue$bita 100 1 $aPaoli, Roberto$0198520 245 10$aBorges e gli scrittori italiani /$cRoberto Paoli 260 $aNapoli :$bLiguori,$cc1997 300 $a140 p. ;$c24 cm. 490 0 $aBarataria - Saggi ;$v3 650 4$aComparatistica 650 4$aNarrativa 907 $a.b1023374x$b17-02-17$c27-06-02 912 $a991001528609707536 945 $aLE012 AR 868.42 BOR PAO 1/A$g1$i2012000001152$lle012$o-$pE0.00$q-$rl$s- $t0$u1$v0$w1$x0$y.i10283754$z27-06-02 945 $aLE012 AR 868.42 BOR PAO 1$g1$i2012000001169$lle012$o-$pE0.00$q-$rl$s- $t0$u1$v0$w1$x0$y.i10283766$z27-06-02 996 $aBorges e gli scrittori italiani$9207515 997 $aUNISALENTO 998 $ale012$b01-01-98$cm$da $e-$fita$git $h0$i2